00699nam a2200205 a 4500001000400000003001000004005001700014008004100031040002500072080001900097100003000116245005800146250002500204260003500229300001700264504002500281505011300306650002600419650004800445456BR-CuiBMT20231129134512.0231107s2012 spb 000 0 por d aBR-CuiBMTcBR-CuiBMT a343.2/.7220071 aBitencourt, Cezar Roberto10aTratado de direito penal /cCezar Roberto Bitencourt. a6. ed., rev. e ampl. aSão Paulo :bSaraiva,c2012. a v. ;c23 cm ainclui bibliografia.1 av. 5. Parte especial : dos crimes contra a administração pública e dos crimes praticados por prefeitos aDireito penalzBrasil aAdministração públicavCrimeszBrasil